| Tag |
First Indicator |
Second Indicator |
Subfields |
| LEADER |
00000cam a2200000 4500 |
| 001 |
in00000053365 |
| 005 |
20151007070225.0 |
| 008 |
731003s1967 nyua b 00010 eng |
| 010 |
|
|
|a 66011695
|
| 035 |
|
|
|a (OCoLC)00536046
|
| 035 |
|
|
|9 AAE3586AM
|
| 040 |
|
|
|a DLC
|c DLC
|d TXA
|d UtOrBLW
|
| 049 |
|
|
|a TXAM
|c [470613]
|
| 050 |
0 |
0 |
|a QC762
|b .B5
|
| 082 |
0 |
|
|a 547/.3
|
| 092 |
|
|
|a 538.3
|b B582g, 1967
|
| 100 |
1 |
|
|a Bible, Roy H.
|q (Roy Henderson),
|d 1926-
|
| 245 |
1 |
0 |
|a Guide to the NMR empirical method ;
|b a workbook /
|c [by] Roy H. Bible, Jr.
|
| 264 |
|
1 |
|a New York :
|b Plenum Press,
|c 1967.
|
| 300 |
|
|
|a xi, 305 pages :
|b illustrations ;
|c 24 cm.
|
| 336 |
|
|
|a text
|b txt
|2 rdacontent
|
| 337 |
|
|
|a unmediated
|b n
|2 rdamedia
|
| 338 |
|
|
|a volume
|b nc
|2 rdacarrier
|
| 504 |
|
|
|a Bibliography: pages 2-3.
|
| 650 |
|
0 |
|a Nuclear magnetic resonance.
|
| 999 |
|
|
|a MARS
|
| 999 |
f |
f |
|s 8a30b9da-d18c-3fbd-b348-8e261b3b210d
|i d4e884a6-2edb-3e46-b0d0-c3210658d3a3
|t 0
|
| 952 |
f |
f |
|p normal
|a Texas A&M University
|b College Station
|c Sterling C. Evans Library
|d Evans: Library Stacks
|t 0
|e QC762 .B5
|h Library of Congress classification
|i unmediated -- volume
|m A14800926384
|
| 998 |
f |
f |
|a QC762 .B5
|t 0
|l Evans: Library Stacks
|